Statistics for Arctic Monkeys Lyrics - Why'd You Only Call Me When You're High?

Click here to take the quiz!

General Stats

  • This quiz has been taken 126 times
  • The average score is 234 of 268

Answer Stats

Lyrics% Correct
call
99%
me,
99%
me
99%
only
99%
when
99%
(Why
99%
"Why
99%
why
99%
You
99%
you
99%
a
98%
your
98%
(high)?"
97%
"High,
97%
high?"
97%
(High)
97%
I
97%
you're
97%
you're)
97%
the
95%
The
95%
to
95%
an
94%
and
94%
And
94%
d'you
94%
I'm
93%
in
93%
It
92%
it's
91%
It's
91%
my
91%
three
90%
Left
89%
mornin'
89%
not
89%
time
89%
message,
87%
(Message,
87%
mind
87%
But
86%
by
86%
change
86%
reply
86%
reply)
86%
"Why'd
86%
calls
85%
'cause
85%
missed
85%
multiple
85%
image
84%
mirror's
84%
Now,
84%
of
84%
side
84%
ever
83%
tells
83%
phone
82%
are
80%
as
80%
home
80%
finished,
79%
out
79%
shoes
79%
tryna'
78%
get
77%
night
77%
tonight?
77%
alright
76%
leavin'
76%
need
76%
saw
76%
bad
75%
have
75%
into
75%
makin'
75%
see
75%
thought
75%
was
75%
baby
74%
be
74%
harder
74%
ideas
74%
Incapable
74%
just
74%
where
74%
decisions
72%
listen
72%
same
72%
Carryin'
71%
talkin'
71%
that
71%
bumpin'
70%
can't
70%
darker,
70%
dreamin'
70%
early
70%
got
70%
having
70%
partner,
70%
runnin'
70%
up
70%
arrived
69%
said
69%
through
69%
s***e
68%
Somewhere
68%
well
68%
Decided
67%
Gonna
67%
gears
66%
like
64%
bore
63%
startin'
63%
hopin'
62%
again
61%
feels
61%
find
61%
haven't
60%
once
60%
wonder
60%
sort
59%
found
57%
More
56%
here,
55%
all
51%
might
38%

Score Distribution

Percentile by Number Answered

Percent of People with Each Score

Your Score History

You have not taken this quiz